[Event "Camp. cubano Open"]
[Site "Santa Clara CUB"]
[Date "2007.01.15"]
[Round "6"]
[White "Perez, Or"]
[Black "Gonzalez, Yu"]
[Result "0-1"]
[WhiteElo "2427"]
[BlackElo "2494"]
[PlyCount "66"]
[EventDate "2007.01.10"]
[Source "www.chesslib.no"]
[SourceDate "2004.05.04"]

1. e4 c6 2. Nc3 d5 3. f4 dxe4 4. Nxe4 Nf6 5. Nf2 e6 6. Nf3 Nbd7 7. Bc4 Bd6 8. d3 O-O 9. Ne4 Bc7 10. Bb3 a5 11. a3 Nxe4 12. dxe4 Nc5 13. Qe2 Nxb3 14. cxb3 b6 15. Bd2 Ba6 16. Qe3 Qd3 17. Rc1 c5 18. b4 axb4 19. axb4 Qb5 20. bxc5 Bxf4 21. Qf2 Bxd2+ 22. Nxd2 Rac8 23. Nb1 Rxc5 24. Rxc5 bxc5 25. Nc3 Qb4 26. Kd1 Bd3 27. Qd2 c4 28. Ke1 Qb6 29. e5 Ra8 30. Ne2 Ra1+ 31. Nc1 Qd4 32. h4 Rb1 33. h5 h6 0-1

[Event "Athens"]
[Site "?"]
[Date "1988.??.??"]
[Round "?"]
[White "Ghinda, M."]
[Black "Skembris, S."]
[Result "0-1"]
[WhiteElo "2500"]
[BlackElo "2415"]
[PlyCount "63"]
[EventDate "1988.??.??"]
[Source "ChessBase"]
[SourceDate "1988.01.01"]

1. e4 c6 2. Nc3 d5 3. Nf3 dxe4 4. Nxe4 Nf6 5. Nxf6+ gxf6 6. g3 Bg4 7. Bg2 h5 8. h3 Be6 9. b3 Nd7 10. Bb2 Bd5 11. Qe2 Qa5 12. h4 O-O-O 13. c4 Bxf3 14. Bxf3 e6 15. a3 Ne5 16. Be4 Rd7 17. b4 Qd8 18. d4 Bh6 19. O-O Ng4 20. d5 Rg8 21. Rfd1 Qc7 22. dxc6 Rxd1+ 23. Rxd1 Be3 24. Kf1 Bxf2 25. cxb7+ Kb8 26. Rd3 Bxg3 27. Qd2 Bf4 28. Qe1 Be3 29. Rxe3 Qf4+ 30. Bf3 Nxe3+ 31. Ke2 Nxc4 32. Ba1 0-1

[Event "Itau Cup 6th"]
[Site "Sao Paulo"]
[Date "2002.10.01"]
[Round "5"]
[White "Galego, Luis"]
[Black "Martinez, Carlos Alejandro"]
[Result "1-0"]
[WhiteElo "2511"]
[BlackElo "2402"]
[PlyCount "79"]
[EventDate "2002.09.28"]
[Source "ChessBase"]
[SourceDate "2002.11.06"]

1. e4 c6 2. Nc3 d5 3. Qf3 dxe4 4. Nxe4 Nd7 5. Ne2 Ngf6 6. N2c3 Nxe4 7. Nxe4 Nf6 8. Nxf6+ gxf6 9. Bc4 Qd4 10. d3 Qe5+ 11. Qe3 Qxe3+ 12. Bxe3 e6 13. a4 Bd6 14. f4 f5 15. O-O Ke7 16. Rf3 Bd7 17. Rh3 c5 18. Bd2 Bc6 19. Bb5 Rac8 20. Rh6 Kd7 21. Re1 Bf8 22. Rf6 Ke7 23. Rxf5 Bg7 24. b3 Bd4+ 25. Kf1 b6 26. Bxc6 Rxc6 27. Rh5 Bf6 28. Re3 h6 29. Re4 Bg7 30. f5 a6 31. Be3 a5 32. Bf4 Kd7 33. fxe6+ fxe6 34. Be3 Rf8+ 35. Ke2 Rf6 36. Rg4 Bf8 37. Rgh4 Rg6 38. g3 e5 39. Rxe5 Bg7 40. Rd5+ 1-0

[Event "Ubeda op"]
[Site "Ubeda"]
[Date "1997.??.??"]
[Round "4"]
[White "Ardeleanu, Alin"]
[Black "Izeta Txabarri, Felix"]
[Result "1/2-1/2"]
[WhiteElo "2420"]
[BlackElo "2490"]
[PlyCount "84"]
[EventDate "1997.02.??"]
[Source "ChessBase"]

1. e4 c6 2. Nc3 d5 3. Qf3 Nf6 4. e5 Nfd7 5. d4 e6 6. Qg3 c5 7. Nf3 Nc6 8. Nb5 cxd4 9. Nbxd4 Ndxe5 10. Nxe5 Nxd4 11. Qf4 f6 12. Qxd4 fxe5 13. Qxe5 Qf6 14. Bf4 Bd7 15. Bd3 Bc5 16. O-O Bd4 17. Qh5+ g6 18. Qh6 Qf7 19. c3 Bg7 20. Qg5 Qf6 21. Qxf6 Bxf6 22. Rae1 b5 23. Be5 Bxe5 24. Rxe5 Ke7 25. Rfe1 Kd6 26. h4 a5 27. f4 Rhf8 28. g3 Rfc8 29. h5 b4 30. cxb4 axb4 31. Bb1 Rg8 32. Kf2 Raf8 33. hxg6 hxg6 34. Rg5 Be8 35. Rh1 Rh8 36. Rxh8 Rxh8 37. Bxg6 Bxg6 38. Rxg6 Rh2+ 39. Ke3 Rxb2 40. f5 Ke5 41. fxe6 Kd6 42. e7+ Kxe7 1/2-1/2

[Event "Mendrisio Open"]
[Site "Mendrisio SUI"]
[Date "1988.??.??"]
[Round "5"]
[White "Arapovic, Vitomir"]
[Black "Campora, Daniel H"]
[Result "1-0"]
[WhiteElo "2370"]
[BlackElo "2540"]
[PlyCount "59"]
[EventDate "1988.10.??"]
[Source "www.chesslib.no"]
[SourceDate "2004.05.04"]

1. e4 c6 2. Nc3 d5 3. Qf3 e6 4. d4 Nf6 5. Bg5 Be7 6. e5 Nfd7 7. Bxe7 Qxe7 8. Qg3 O-O 9. f4 c5 10. Nf3 cxd4 11. Nxd4 Nc6 12. O-O-O f6 13. Nxd5 Qf7 14. Nc7 fxe5 15. Nxc6 bxc6 16. Nxa8 exf4 17. Qc3 Nf6 18. Bc4 Qb7 19. Rhf1 Qxa8 20. Rxf4 Qb8 21. g3 Re8 22. Qa5 Nd5 23. Bxd5 cxd5 24. Qb4 Qc7 25. Rdf1 Qd8 26. Rf7 e5 27. Rxa7 Be6 28. h4 Qc8 29. Qd6 e4 30. Qe5 1-0

[Event "X Open Anibal"]
[Site "Linares"]
[Date "2003.03.07"]
[Round "8.17"]
[White "Fernandez Romero, Ernesto"]
[Black "Campora, Daniel Hugo"]
[Result "1/2-1/2"]
[WhiteElo "2396"]
[BlackElo "2505"]
[PlyCount "44"]
[EventDate "2003.03.01"]
[Source "Roberto Alvarez"]
[SourceDate "2003.03.03"]

1. e4 c6 2. Nc3 d5 3. Nf3 dxe4 4. Nxe4 Nf6 5. Nxf6+ gxf6 6. g3 Bg4 7. Bg2 Nd7 8. h3 Bxf3 9. Qxf3 h5 10. b3 e6 11. Bb2 h4 12. g4 Bd6 13. O-O-O Qa5 14. Kb1 O-O-O 15. d4 Rhg8 16. Rhe1 Qg5 17. Bf1 Kb8 18. a3 Bc7 19. Ka2 Qf4 20. Qe2 Qg5 21. Qf3 Qf4 22. Qe2 Qg5 1/2-1/2

[Event "Moscow RUS"]
[Site "?"]
[Date "1996.??.??"]
[Round "9"]
[White "Dzhumaev Marat"]
[Black "Burmakin Vladimir"]
[Result "1/2-1/2"]
[WhiteElo "2365"]
[BlackElo "2535"]
[PlyCount "131"]
[EventDate "1996.??.??"]
[Source "www.chesslib.no"]
[SourceDate "2004.05.04"]

1. e4 c6 2. Nc3 e5 3. Nf3 d6 4. d4 Qc7 5. h3 Be7 6. a4 Nd7 7. Bc4 Nf8 8. O-O Be6 9. Qe2 Nf6 10. dxe5 dxe5 11. Ng5 Bxc4 12. Qxc4 Bd8 13. f4 Nh5 14. f5 h6 15. Nf3 g6 16. Be3 gxf5 17. exf5 Ng3 18. Rfe1 Nxf5 19. Bf4 Qb6+ 20. Kh2 Ne6 21. Rxe5 Nfg7 22. Rae1 Be7 23. R5e4 O-O-O 24. b4 Bd6 25. Bxd6 Rxd6 26. a5 Qc7 27. Kg1 Nh5 28. Rh4 Nf6 29. Ne4 Nxe4 30. Qxe4 Kb8 31. Qe5 Rdd8 32. Qf6 h5 33. a6 Rhg8 34. axb7 Qb6+ 35. Kf1 Qa6+ 36. c4 Qa2 37. Re2 Rd1+ 38. Ne1 Rd2 39. Rxd2 Qxd2 40. b5 cxb5 41. cxb5 Qg5 42. Qf2 Qxb5+ 43. Kg1 Qa5 44. Nd3 Rd8 45. Qg3+ Qc7 46. Ne5 Rd1+ 47. Kh2 f6 48. Nc6+ Kxb7 49. Na5+ Ka6 50. Qxc7 Nxc7 51. Rxh5 Nd5 52. Nc4 Rd4 53. Rf5 Kb7 54. Na5+ Kb6 55. Nb3 Rd1 56. h4 a5 57. Nxa5 Kxa5 58. h5 Rd4 59. h6 Rh4+ 60. Kg3 Rxh6 61. Rxd5+ Kb6 62. Kf4 Kc6 63. Rd2 Rh5 64. g4 Rg5 65. Rd8 Kc7 66. Rd4 1/2-1/2

[Event "ROM-ch"]
[Site "Herculane"]
[Date "1996.??.??"]
[Round "13"]
[White "Ardeleanu, Alin"]
[Black "Lupu, Mircea Sergiu"]
[Result "1/2-1/2"]
[WhiteElo "2420"]
[BlackElo "2480"]
[PlyCount "83"]
[EventDate "1996.12.??"]
[Source "ChessBase"]

1. e4 c6 2. Nc3 d5 3. Qf3 d4 4. Bc4 e6 5. Nce2 c5 6. d3 Nc6 7. Qg3 Na5 8. Bb5+ Bd7 9. Bxd7+ Qxd7 10. Nf3 Nc6 11. O-O f6 12. Qh3 Bd6 13. c3 e5 14. Qxd7+ Kxd7 15. cxd4 cxd4 16. Bd2 Nge7 17. Ne1 Rhc8 18. a3 a5 19. f4 a4 20. fxe5 fxe5 21. Rf7 Rg8 22. Ng3 Nd8 23. Rf2 Ne6 24. Nf5 Nxf5 25. Rxf5 Nc5 26. Rd1 Rgf8 27. Rxf8 Rxf8 28. Bb4 Na6 29. Bxd6 Kxd6 30. Rd2 Rc8 31. Nc2 Rc6 32. Kf1 Rb6 33. Ne1 Nc5 34. Rc2 Rb3 35. Ke2 h6 36. Rd2 Rb6 37. Kd1 Rc6 38. Nc2 Rc7 39. Nb4 Rf7 40. Ke1 Rf8 41. Rf2 Rxf2 42. Kxf2 1/2-1/2

[Event "BL2-N 9596"]
[Site "GER"]
[Date "1996.??.??"]
[Round "?"]
[White "Movsesian, Sergei"]
[Black "Bauer, Reinhard"]
[Result "1-0"]
[WhiteElo "2580"]
[BlackElo "2315"]
[PlyCount "81"]
[EventDate "1995.10.??"]
[Source "www.chesslib.no"]
[SourceDate "2004.05.04"]

1. e4 c6 2. Nc3 d5 3. Nf3 dxe4 4. Nxe4 Nf6 5. Nxf6+ exf6 6. Bc4 Bd6 7. O-O O-O 8. d4 Re8 9. c3 Bg4 10. Qd3 Nd7 11. Kh1 Nf8 12. Ng1 Qd7 13. Be3 Bf5 14. Qd2 Qc7 15. Ne2 Re7 16. Ng3 Bd7 17. Rae1 Rae8 18. Qd1 f5 19. Bg5 Rxe1 20. Rxe1 Rxe1+ 21. Qxe1 g6 22. a3 Be6 23. Bd3 Nd7 24. c4 Bf8 25. Ne2 Bg7 26. Qd2 Nf6 27. f3 Nh5 28. Be3 b6 29. Nc3 f4 30. Bf2 Qd7 31. Bf1 f5 32. b4 Qf7 33. Qd3 Nf6 34. b5 Bd7 35. a4 h5 36. bxc6 Bxc6 37. d5 Bd7 38. a5 bxa5 39. c5 a4 40. c6 Be8 41. Qc4 1-0

[Event "Wch Seniors"]
[Site "Biel SUI"]
[Date "1994.??.??"]
[Round "11"]
[White "Suetin, Alexei S"]
[Black "Vasiukov, Evgeni A"]
[Result "1/2-1/2"]
[WhiteElo "2385"]
[BlackElo "2505"]
[PlyCount "25"]
[EventDate "1994.07.??"]
[Source "www.chesslib.no"]
[SourceDate "2004.05.04"]

1. e4 c6 2. Nc3 d5 3. Nf3 dxe4 4. Nxe4 Nf6 5. Nxf6+ exf6 6. Bc4 Bd6 7. Qe2+ Qe7 8. Qxe7+ Kxe7 9. d4 Be6 10. Bb3 a5 11. Be3 a4 12. Bxe6 fxe6 13. a3 1/2-1/2

[Event "4. Open"]
[Site "?"]
[Date "2003.07.03"]
[Round "8"]
[White "Petrosian Suren"]
[Black "Nanu Ciprian-Costica"]
[Result "1/2-1/2"]
[WhiteElo "2424"]
[BlackElo "2462"]
[PlyCount "27"]
[EventDate "2003.??.??"]
[Source "www.chesslib.no"]
[SourceDate "2004.05.04"]

1. e4 c6 2. Nc3 d5 3. Nf3 a6 4. d4 Bg4 5. Bd3 e6 6. h3 Bh5 7. Qe2 Nf6 8. Bg5 Be7 9. g4 Bg6 10. Bxf6 Bxf6 11. h4 dxe4 12. Nxe4 Bxe4 13. Bxe4 Qa5+ 14. c3 1/2-1/2

[Event "NRW-Cup Masters op"]
[Site "Muenster"]
[Date "1997.??.??"]
[Round "4"]
[White "Cobb, James"]
[Black "Khenkin, Igor"]
[Result "0-1"]
[WhiteElo "2335"]
[BlackElo "2550"]
[PlyCount "100"]
[EventDate "1997.10.??"]
[Source "ChessBase"]
[SourceDate "1997.11.24"]

1. e4 c6 2. Nc3 d5 3. Nf3 Nf6 4. e5 Ne4 5. Bd3 Nc5 6. Bf1 d4 7. Ne2 d3 8. Nf4 Bf5 9. cxd3 Nxd3+ 10. Bxd3 Bxd3 11. e6 f6 12. Qb3 Ba6 13. h4 g6 14. d4 Bh6 15. h5 Qa5+ 16. Bd2 Qf5 17. Nh4 Qe4+ 18. Qe3 Qxe3+ 19. fxe3 g5 20. Nf5 Bf8 21. Ne2 Bc4 22. e4 Bxe6 23. Nc3 Na6 24. O-O-O Nb4 25. Kb1 Bc4 26. a3 Nd3 27. Be3 e6 28. Ng3 Nf4 29. Rd2 Be7 30. h6 Rg8 31. Bxf4 gxf4 32. Nh5 Rg4 33. Rf2 e5 34. dxe5 fxe5 35. g3 fxg3 36. Rg2 Bf7 37. Ng7+ Kd7 38. Nf5 Bc5 39. Rxg3 Rxg3 40. Nxg3 Rg8 41. Nce2 Rg4 42. b4 Bb6 43. Rd1+ Kc7 44. Kc2 Bg6 45. Rf1 Rh4 46. Rf6 Rxh6 47. Kd2 Rh2 48. Re6 Kd7 49. Rxe5 Bc7 50. Rg5 Bf4+ 0-1

[Event "Tch (Men) 2005/2006 FRA"]
[Site "?"]
[Date "2006.03.31"]
[Round "5"]
[White "Riff Jean Noel"]
[Black "Marcelin Cyril"]
[Result "1/2-1/2"]
[WhiteElo "2444"]
[BlackElo "2441"]
[PlyCount "42"]
[EventDate "2006.??.??"]
[Source "www.chesslib.no"]
[SourceDate "2004.05.04"]

1. e4 c6 2. Nc3 d5 3. Nf3 Nf6 4. e5 Ne4 5. Be2 Nxc3 6. bxc3 Bg4 7. O-O e6 8. Rb1 Qc7 9. d4 Be7 10. c4 O-O 11. Nd2 Bxe2 12. Qxe2 Nd7 13. Rb3 Rfe8 14. f4 f5 15. Ba3 Bxa3 16. Rxa3 Nb6 17. c5 Nd7 18. c4 b6 19. cxd5 cxd5 20. Rc1 Qc6 21. Nb3 Rec8 1/2-1/2

[Event "ROM-ch"]
[Site "Satu Mare"]
[Date "2003.09.06"]
[Round "3.2"]
[White "Vasiesiu, Dan"]
[Black "Vajda, Albert"]
[Result "1-0"]
[WhiteElo "2434"]
[BlackElo "2447"]
[PlyCount "49"]
[EventDate "2003.09.01"]
[Source "Roberto Alvarez"]
[SourceDate "2003.10.06"]

1. e4 c6 2. Nc3 d5 3. Nf3 a6 4. h3 e6 5. d4 Nd7 6. Bd3 dxe4 7. Nxe4 Ngf6 8. Nxf6+ Nxf6 9. Bg5 h6 10. Bd2 c5 11. dxc5 Bxc5 12. Qe2 b5 13. Ne5 Qd5 14. Ng4 Bb7 15. Nxf6+ gxf6 16. f3 Qd4 17. O-O-O Qf2 18. Bxb5+ axb5 19. Qxb5+ Kf8 20. Qxb7 Rxa2 21. Kb1 Ra7 22. Qe4 Ke7 23. Rhf1 Qg3 24. Bf4 Qxg2 25. Qc6 1-0

[Event "Tch-SWE 2002-3"]
[Site "Sweden"]
[Date "2002.12.07"]
[Round "5"]
[White "Hall, Jesper"]
[Black "Vernersson, Per"]
[Result "1/2-1/2"]
[WhiteElo "2489"]
[BlackElo "2391"]
[PlyCount "73"]
[EventDate "2003.01.01"]
[Source "Roberto Alvarez"]
[SourceDate "2003.03.17"]

1. e4 c6 2. Nc3 d5 3. Nf3 dxe4 4. Nxe4 Nd7 5. Bc4 Ngf6 6. Neg5 Nd5 7. d4 h6 8. Ne4 N7f6 9. Nxf6+ gxf6 10. O-O Bg4 11. Be2 Qc7 12. g3 O-O-O 13. c4 Nb6 14. Bf4 Qd7 15. Ne5 Bxe2 16. Qxe2 Qe6 17. d5 Nxd5 18. cxd5 Rxd5 19. Rfd1 Rxd1+ 20. Rxd1 fxe5 21. Be3 Bg7 22. Bxa7 Rd8 23. Bb6 Rd6 24. Rd3 e4 25. Ra3 Qf5 26. Kg2 Rd5 27. Ra8+ Kd7 28. b3 Ke6 29. Ra4 Qf3+ 30. Qxf3 exf3+ 31. Kxf3 Rb5 32. Be3 h5 33. h3 Kf5 34. Rc4 e6 35. Rf4+ Kg6 36. Ra4 f5 37. Ra8 1/2-1/2

[Event "Nice"]
[Site "Nice"]
[Date "1994.??.??"]
[Round "6"]
[White "Lamoureux, Charles"]
[Black "Anic, Darko"]
[Result "1-0"]
[WhiteElo "2430"]
[BlackElo "2450"]
[PlyCount "81"]
[EventDate "1994.01.??"]
[Source "ChessBase"]

1. e4 c6 2. Nc3 d5 3. Nf3 dxe4 4. Nxe4 Nf6 5. Nxf6+ gxf6 6. Bc4 Bf5 7. Nh4 Bg6 8. d3 e6 9. Bd2 Nd7 10. f4 f5 11. g3 Bg7 12. Qe2 b5 13. Bb3 Bxb2 14. O-O Bd4+ 15. Kh1 Nf6 16. Rae1 O-O 17. Qg2 a5 18. a4 Nd5 19. Nf3 Bg7 20. Ne5 Qd6 21. Qe2 Rfe8 22. Ra1 b4 23. Rae1 Nf6 24. Qg2 Rac8 25. Bc1 Nd7 26. Nc4 Qc7 27. Qf2 Bh5 28. Bb2 Bxb2 29. Nxb2 Nb6 30. h3 c5 31. Re5 Qc6+ 32. Kh2 f6 33. Rxf5 Bg6 34. Rxf6 Kg7 35. f5 Bxf5 36. Rf7+ Kxf7 37. Qxf5+ Ke7 38. Qg5+ Kd6 39. Rf7 Nd7 40. Nc4+ Kc7 41. Ne5 1-0

[Event "Bochum"]
[Site "Bochum"]
[Date "1981.??.??"]
[Round "?"]
[White "Westerinen, Heikki MJ"]
[Black "Chandler, Murray G"]
[Result "1/2-1/2"]
[WhiteElo "2420"]
[BlackElo "2455"]
[PlyCount "62"]
[EventDate "1981.03.??"]
[Source "ChessBase"]

1. e4 c6 2. Nc3 d5 3. Nf3 dxe4 4. Nxe4 Nf6 5. Nxf6+ gxf6 6. g3 e5 7. Bg2 Be6 8. O-O Nd7 9. d4 Qc7 10. Qe2 O-O-O 11. dxe5 fxe5 12. Ng5 Bc5 13. Nxe6 fxe6 14. Bh3 Rde8 15. Be3 Bxe3 16. Qxe3 Kb8 17. Rad1 h5 18. Qd3 Nf6 19. Qd6 h4 20. Qxc7+ Kxc7 21. Bg2 h3 22. Bf3 e4 23. Be2 Nh7 24. f4 exf3 25. Rxf3 Ng5 26. Re3 e5 27. Bg4 Re7 28. Rf1 e4 29. Rf5 Rg7 30. Kf2 Rd8 31. Ke1 Nf7 1/2-1/2

[Event "Corr"]
[Site "?"]
[Date "1998.01.05"]
[Round "?"]
[White "Stiefel Roland"]
[Black "Koch Hans-Georg (GER)"]
[Result "1/2-1/2"]
[WhiteElo "2525"]
[BlackElo "2350"]
[PlyCount "68"]
[EventDate "1998.??.??"]
[Source "www.chesslib.no"]
[SourceDate "2004.05.04"]

1. e4 c6 2. Nc3 d5 3. f4 Nf6 4. e5 Bg4 5. Be2 Bxe2 6. Ngxe2 d4 7. exf6 dxc3 8. fxg7 cxd2+ 9. Qxd2 Qxd2+ 10. Bxd2 Bxg7 11. O-O-O Nd7 12. Ng3 O-O-O 13. Nf5 Bf8 14. Bc3 Rg8 15. g3 e6 16. Nd6+ Bxd6 17. Rxd6 Nc5 18. Rxd8+ Rxd8 19. Bf6 Rd5 20. Re1 h5 21. Re3 b5 22. b3 Nd7 23. Be7 Nb6 24. c3 Kd7 25. Bf6 c5 26. Kc2 a5 27. Re4 Nc8 28. h3 Nd6 29. Re1 c4 30. Re3 Nf5 31. Rf3 Nd6 32. g4 hxg4 33. hxg4 cxb3+ 34. axb3 a4 1/2-1/2

[Event "GM Riviera"]
[Site "Opatija"]
[Date "2003.??.??"]
[Round "13"]
[White "Lovric, Branko"]
[Black "Dizdarevic, Emir"]
[Result "1-0"]
[WhiteElo "2369"]
[BlackElo "2504"]
[PlyCount "79"]
[EventDate "2003.02.07"]
[Source "Roberto Alvarez"]
[SourceDate "2003.02.17"]

1. e4 c6 2. Nc3 d5 3. Qf3 e6 4. d4 Nd7 5. exd5 cxd5 6. Bd3 a6 7. Nge2 Ne7 8. Bg5 h6 9. Bh4 Nb8 10. O-O-O Nbc6 11. Rhe1 g5 12. Bg3 Bg7 13. h4 Bd7 14. hxg5 hxg5 15. Rh1 Qb6 16. Rxh8+ Bxh8 17. Qh5 Bf6 18. Qh6 Ng8 19. Qh7 Nce7 20. Qh2 O-O-O 21. Be5 Bxe5 22. Qxe5 f6 23. Qh2 Nc6 24. Qd6 Qb4 25. Qxb4 Nxb4 26. a3 Nxd3+ 27. Rxd3 Kc7 28. Rh3 Kd6 29. Rh7 Rf8 30. Kd2 Ne7 31. Nd1 Be8 32. Ne3 Bg6 33. Rh6 Be8 34. b3 Bd7 35. Rh1 Rf7 36. Rh8 Rg7 37. c4 dxc4 38. bxc4 Nc6 39. Ng3 f5 40. Ngxf5+ 1-0

[Event "Aarhus Open"]
[Site "Aarhus DEN"]
[Date "1991.??.??"]
[Round "8"]
[White "Hector, Jonny"]
[Black "Pedersen, E."]
[Result "1-0"]
[WhiteElo "2465"]
[BlackElo "2405"]
[PlyCount "69"]
[EventDate "1991.??.??"]
[Source "www.chesslib.no"]
[SourceDate "2004.05.04"]

1. e4 c6 2. Nc3 d5 3. Nf3 dxe4 4. Ng5 Bf5 5. g4 Bg6 6. Ngxe4 Nf6 7. Bg2 Nbd7 8. d3 Nxe4 9. Nxe4 e5 10. Qe2 Be7 11. Bd2 Qc7 12. Bc3 O-O-O 13. h4 h5 14. Ng3 Nf6 15. gxh5 Nxh5 16. Bxe5 Bd6 17. Qg4+ Kb8 18. Bxd6 Qxd6 19. O-O-O Qd4 20. Qxd4 Rxd4 21. Be4 Nxg3 22. fxg3 Bxe4 23. dxe4 Rxe4 24. Rd7 Rf8 25. Rf1 Re3 26. g4 Re4 27. g5 Rxh4 28. g6 f5 29. Rxg7 a6 30. Rd1 f4 31. Rdd7 f3 32. Rxb7+ Ka8 33. Ra7+ Kb8 34. Rgb7+ Kc8 35. Rf7 1-0

[Event "Baile Herculane zt"]
[Site "Baile Herculane"]
[Date "1982.??.??"]
[Round "8"]
[White "Sznapik, Aleksander"]
[Black "Ghinda, Mihail Viorel"]
[Result "1/2-1/2"]
[WhiteElo "2440"]
[BlackElo "2425"]
[PlyCount "34"]
[EventDate "1982.01.??"]
[Source "ChessBase"]

1. e4 c6 2. Nc3 d5 3. Nf3 dxe4 4. Nxe4 Nf6 5. Nxf6+ exf6 6. Bc4 Be7 7. O-O O-O 8. d4 Bd6 9. Bb3 Nd7 10. Re1 Qc7 11. c4 c5 12. Be3 Rd8 13. Qc2 Nf8 14. h3 Ng6 15. Rad1 b6 16. Rd2 Bb7 17. d5 Bc8 1/2-1/2

[Event "Bargteheide Open"]
[Site "Bargteheide"]
[Date "1989.??.??"]
[Round "?"]
[White "Reefschlaeger, Helmut"]
[Black "Meduna, Eduard"]
[Result "1/2-1/2"]
[WhiteElo "2380"]
[BlackElo "2485"]
[PlyCount "39"]
[EventDate "1989.??.??"]
[Source "www.chesslib.no"]
[SourceDate "2004.05.04"]

1. e4 c6 2. Nc3 d5 3. f4 dxe4 4. Nxe4 Nf6 5. Nf2 c5 6. Nf3 e6 7. b3 Be7 8. Bb2 O-O 9. g3 b6 10. Bg2 Bb7 11. O-O Nc6 12. Ne5 Qc7 13. Nfd3 Nd4 14. Bxb7 Qxb7 15. Bxd4 cxd4 16. Qf3 Qxf3 17. Rxf3 Rac8 18. Ne1 Nd5 19. Kg2 Rfd8 20. a3 1/2-1/2

[Event "II open"]
[Site "Solsones"]
[Date "2004.08.16"]
[Round "5"]
[White "Magem Badals, Jordi"]
[Black "Kononenko, Tatiana"]
[Result "1/2-1/2"]
[WhiteElo "2504"]
[BlackElo "2361"]
[PlyCount "92"]
[EventDate "2004.08.13"]
[Source "Roberto Alvarez"]
[SourceDate "2004.08.30"]

1. e4 c6 2. Nc3 d5 3. f4 dxe4 4. Nxe4 Nf6 5. Nf2 c5 6. Nf3 e6 7. g3 b6 8. Bg2 Bb7 9. O-O Nbd7 10. Qe2 Be7 11. b3 O-O 12. Bb2 Re8 13. Nd3 Qc7 14. Nde5 Nxe5 15. fxe5 Nd7 16. Rf2 Rad8 17. Raf1 Nb8 18. d3 Rd7 19. Nd2 Bxg2 20. Kxg2 Bf8 21. Ne4 Nc6 22. Qg4 Kh8 23. Ng5 Nd8 24. Qh5 h6 25. Nxf7+ Nxf7 26. Rxf7 Rxf7 27. Rxf7 Qc6+ 28. Kh3 Kg8 29. Rxa7 Re7 30. Rxe7 Bxe7 31. a4 Bg5 32. Qe2 Qh1 33. d4 Be7 34. Bc3 h5 35. dxc5 bxc5 36. g4 hxg4+ 37. Kxg4 Qg1+ 38. Kh3 g5 39. Be1 Kh7 40. Bg3 Kh6 41. a5 Qh1 42. a6 Kg7 43. Kg4 Qc6 44. Qd3 Qa8 45. h4 gxh4 46. Bf4 c4 1/2-1/2

[Event "10. Cvitanovic Memorial"]
[Site "?"]
[Date "2005.05.05"]
[Round "6"]
[White "Ljubicic Filip"]
[Black "Cvorovic Drazen"]
[Result "1/2-1/2"]
[WhiteElo "2407"]
[BlackElo "2450"]
[PlyCount "200"]
[EventDate "2005.??.??"]
[Source "www.chesslib.no"]
[SourceDate "2004.05.04"]

1. e4 c6 2. Nc3 d5 3. Nf3 dxe4 4. Nxe4 Nf6 5. Nxf6+ exf6 6. Bc4 Qe7+ 7. Qe2 Qxe2+ 8. Bxe2 Nd7 9. O-O Ne5 10. Re1 Nxf3+ 11. Bxf3+ Be6 12. d3 Bb4 13. c3 Bd6 14. Be3 Kd7 15. a4 h5 16. a5 a6 17. b4 Bg4 18. Be2 Rae8 19. Bf1 h4 20. Bc5 Be5 21. d4 Bf4 22. c4 Bd2 23. Rxe8 Rxe8 24. h3 Bh5 25. b5 cxb5 26. cxb5 Be2 27. bxa6 Bxa6 28. Bb6 Re1 29. Rxe1 Bxe1 30. Bxa6 bxa6 31. Kf1 Bb4 32. Ke2 Kc6 33. Kd3 Kb5 34. Ke4 Bxa5 35. Bxa5 Kxa5 36. Kd5 Kb5 37. Kd6 a5 38. d5 a4 39. Ke7 a3 40. d6 a2 41. d7 a1=Q 42. d8=Q Qe1+ 43. Kxf7 Qxf2 44. Qd5+ Kb4 45. Kxg7 Kc3 46. Kg6 Qf4 47. Qa5+ Kb3 48. Qb6+ Ka3 49. Qa6+ Kb4 50. Qb6+ Ka3 51. Qc5+ Kb2 52. Qf5 Qg3+ 53. Qg4 Qb8 54. Qd4+ Ka2 55. Qd5+ Ka3 56. Kxf6 Qf8+ 57. Kg6 Kb2 58. Qb7+ Kc2 59. Qg7 Qd8 60. Kh5 Kb1 61. Qg6+ Ka2 62. Qc2+ Ka1 63. Qa4+ Kb2 64. Qb4+ Ka2 65. Qa4+ Kb2 66. Qb5+ Ka2 67. Qg5 Qh8+ 68. Kg4 Qh7 69. Qf5 Qg7+ 70. Kxh4 Qxg2 71. Kh5 Qg7 72. Qe6+ Ka1 73. h4 Qh8+ 74. Kg4 Qg7+ 75. Kf4 Qd4+ 76. Qe4 Qf6+ 77. Kg3 Qg7+ 78. Kh2 Qb2+ 79. Qg2 Qe5+ 80. Kh1 Qh8 81. Qe4 Qh6 82. Qe1+ Ka2 83. Kh2 Qd6+ 84. Qg3 Qh6 85. Qf2+ Ka1 86. Qd4+ Kb1 87. Kg3 Qg6+ 88. Kf4 Qh6+ 89. Ke5 Qg7+ 90. Kd5 Qd7+ 91. Kc4 Qc6+ 92. Kb3 Qe6+ 93. Qc4 Qe3+ 94. Kb4 Qe7+ 95. Ka5 Qd8+ 96. Ka4 Qa8+ 97. Kb3 Qf3+ 98. Qc3 Qd5+ 99. Qc4 Qf3+ 100. Kb4 Qf8+ 1/2-1/2

[Event "Lasker Autumn GM, Bucharest ROM"]
[Site "?"]
[Date "2001.??.??"]
[Round "2"]
[White "Vasiesiu, D."]
[Black "Vajda, Al"]
[Result "1/2-1/2"]
[WhiteElo "2440"]
[BlackElo "2415"]
[PlyCount "81"]
[EventDate "2001.??.??"]
[Source "www.chesslib.no"]
[SourceDate "2004.05.04"]

1. e4 c6 2. Nc3 d5 3. Nf3 a6 4. d4 Bg4 5. Bd3 e6 6. h3 Bh5 7. exd5 cxd5 8. g4 Bg6 9. Ne2 Bd6 10. Bf4 Nc6 11. c3 Nf6 12. Qd2 Rc8 13. Qe3 Ne4 14. Bxd6 Nxd6 15. Nf4 Bxd3 16. Nxd3 Nc4 17. Qe2 Qa5 18. O-O O-O 19. Rfe1 Qd8 20. Kg2 Re8 21. Rad1 b5 22. Nf4 b4 23. b3 Nd6 24. c4 Ne4 25. Qd3 Nc3 26. Rd2 dxc4 27. bxc4 Qc7 28. Nh5 Ne7 29. c5 Qb7 30. Kg1 Ng6 31. Rb2 Nd5 32. Qe4 Qd7 33. g5 e5 34. dxe5 Rxc5 35. Qd4 Rb5 36. Nxg7 Qxh3 37. Nxe8 Ngf4 38. Nf6+ Kh8 39. Nh4 Qxh4 40. Qe4 Nxf6 41. gxf6 1/2-1/2